00856nam a2200253 i 4500001000300000003000400003005001700007008003900024015001700063020001500080040001400095041000800109080001000117080001200127100003900139245006600178260008100244300006100325504002200386650003500408655003000443700003100473856009800504bgBPK20210803113208.0030317s2002 pl a f f |001 0 pol aPB 2003/4973 a8372443467 aWA NcBPK0 apol a581.5 a(075.8)1 aWysocki, Czesławd(1944- )eAutor10aFitosocjologia stosowana /cCzesław Wysocki, Piotr Sikorski. aWarszawa :bWydaw. SGGW [Szkoły Głównej Gospodarstwa Wiejskiego],c2002. a449, [3] s., [28] s. tabl. kolor. :bil., mapy ;c25 cm. aBibliogr. Indeks. 4aRoślinyxsocjologiazPolska. 4aPodręczniki akademickie1 aSikorski, Piotrd(1974- ). uhttp://koha.tu.koszalin.pl/cgi-bin/koha/opac-detail.pl?biblionumber=45585yKatalog online BPK